Famous People Named Frank - Statistics

General Stats
  • This quiz has been taken 27,387 times
    17,361 since last reset
  • The average score is 10 of 20
Answer Stats
Clue Answer % Correct
U.S. President during WWII Franklin D. Roosevelt
94%
Archduke assassinated in 1914 Franz Ferdinand
86%
Crooner called "Ol' Blue Eyes" Frank Sinatra
82%
Generalísimo who ruled Spain from 1936–75 Francisco Franco
72%
Director of "Godfather" Francis Ford Coppola
66%
Outlaw brother of Jesse Frank James
63%
Elizabethan privateer who circumnavigated Earth Francis Drake
59%
Author of "The Metamorphosis" Franz Kafka
46%
Conqueror of the Incas Francisco Pizarro
45%
Partner of Watson who helped discover the structure of DNA Francis Crick
42%
Singer for the Four Seasons Frankie Valli
41%
Architect of the Guggenheim in NYC Frank Lloyd Wright
40%
Author of the U.S. national anthem Francis Scott Key
38%
President of France, 2012–17 François Hollande
36%
Rocker who led the Mothers of Invention Frank Zappa
35%
The voice of Yoda Frank Oz
32%
Director of "It's a Wonderful Life" Frank Capra
30%
English statesmen who helped to pioneer the Scientific Method Francis Bacon
26%
Ruler of the Austrian empire for 67 years Franz Joseph
24%
Saint who was one of the first Jesuits and the first Christian missionary to Japan Francis Xavier
13%
No matching quizzes found
Score Distribution
Percent of People with Each Score
Percentile by Number Answered
Your Score History
You have not taken this quiz since the last reset